Sociedades comerciales; ley 19550 con las modificaciones incorporadas por las leyes 19666;19880 y 20 /

Guardado en:
Formato: Libro
Publicado: Buenos Aires : Depalma, 1974
Materias:
Etiquetas: Agregar Etiqueta
Sin Etiquetas, Sea el primero en etiquetar este registro!
LEADER 00670nam a22001695a 4500
001 CEM.cems000651
005 20060210000000.0
008 130507s1974##################000#0#####d
003 CEMS
082 0 4 |a 347.51 
245 0 0 |a Sociedades comerciales; ley 19550 con las modificaciones incorporadas por las leyes 19666;19880 y 20 / 
260 |a Buenos Aires :  |b Depalma,  |c 1974 
300 |a 188 p. 
505 0 |a Incluye exposicion de motivos de las leyes 19550 y 22903 y las modificaciones de las leyes 19666; 19880; 20468; 21304; 21357; 22686; 22903 y 22985 
653 |a Ley 19550 
653 |a Sociedades comerciales 
859 |a CEMS  |b BIB. CEMS - 11 de abril  |h 347.51  |i Ar37-1  |p 13017.84  |t Ej.1